| 000 | 01192cam a22001814a 4500 | ||
|---|---|---|---|
| 005 | 20250605164143.0 | ||
| 008 | 250528s ||||||||||||||||||||||||d | ||
| 035 | _a19055 | ||
| 040 |
_aGR-AtMCL _bgre _dGR-AtMCL _eAACR2 |
||
| 245 | 1 | _aΤοπογραφία | |
| 260 |
_bΙ. Σχίζας, _c1987 |
||
| 300 | _a448 | ||
| 520 | _aΕισαγωγή, Μέθοδοι Προσδιορισμού Σημείων και Επίλυση Βασικών Προβλημάτων, Θεωρία Σφαλμάτων και η Μέθοδος Ελάχιστων Τετράγωνων, Συνόρθωση Τπογραφικών Δικτύων, Όργανα και Μετρήσεις, Γηπεδομετρία, Οδεύσεις, Τριγωνισμός και Τριπλευρισμός, Υψομετρία, Ταχυμετρία, Τοπογραφικές Αποτυπώσεις, Επεξεργασία Αποτυπώσεων, Χαράξεις, Παραρτήματα, ΛΕνα Χρήσιμο Μαθηματικό Τυπολόγιο, Στοιχεία Ελληνικών Κανονισμών, Ερωτήσεις. | ||
| 700 | 1 |
_aΣχίζας Ιωάννης Α _95323 |
|
| 942 | _cBK | ||
| 999 |
_c4339 _d4339 |
||